000 01213cam a2200385 4500
999 _c23557
_d23557
001 vtls011867405
005 20230906105909.0
008 210624s2019 xo er 000 f slo
020 _a9788055166513
_q(viazané)
035 _a1F2F05E2-F37E-4AC1-A334-EB094A8E9A11
035 _aurn:nbn:sk:snk-am3ieis
035 _aurn:nbn:sk:snk-am00e6z5
040 _aTTKJF
_bslo
_dTTKJF
_dSNK
_erda
_csk
041 1 _aslo
_heng
044 _axo
_cSK
072 7 _a821.111(73)-3
_xAmerická próza
_2konspekt
080 _a821.111(73)-31
_22011
080 _a(0:82-312.4)
_22011
100 1 _aMayne, Andrew
_4aut
_9927
240 1 0 _aLooking Glass
_lSlovensky
245 1 0 _aLupa
_cAndrew Mayne ; preložila Miriam Ghaniová
264 1 _aBratislava
_bIkar
_c2019
300 _a303 strán
_c21 cm
336 _atext
_btxt
_2rdacontent
337 _abez média
_bn
_2rdamedia
338 _azväzok
_bnc
_2rdacarrier
500 _aPreložené z angličtiny
655 7 _aamerické romány
_2SNKPH
_92
655 7 _atrilery (romány)
_2SNKPH
_92135
655 7 _aAmerican fiction
_2SNKPHeng
_93
655 7 _aThrillers (novels)
_2SNKPHeng
_91722
700 1 _aGhaniová, Miriam
_4trl
_93677
958 _aLX
958 _aUP